| 000 | 00812nam a2200253Ia 4500 | ||
|---|---|---|---|
| 003 | OSt | ||
| 005 | 20220926012305.0 | ||
| 006 | a|||||r|||| 00| 0 | ||
| 007 | ta | ||
| 008 | 220923b |||||||| |||| 00| 0 eng d | ||
| 020 |
_a9781107601604 _c1299.3199999999999 |
||
| 037 |
_bVMB/13-14/12, 10/05/2013, VARDHMAN _cGeneral Book |
||
| 040 |
_aRTL _cRTL _beng |
||
| 041 |
_2eng _aeng |
||
| 082 | _aX:31, Q2 | ||
| 100 |
_aBOWLES Samuel _9124247 |
||
| 245 | 0 | _aNew economics of inequality and redistribution. | |
| 260 |
_aNew York _bCambridge University Press _c2012 |
||
| 300 |
_axvii,188p. Appendix: P 164-70 _ccm. |
||
| 490 | _aFederico Caffe Lectures | ||
| 650 | _aEconomics | ||
| 942 |
_hX:31, Q2 _cGB _2CC |
||
| 999 |
_c622393 _d622393 |
||